Definitívne výsledky 24. kola periodických aukcií RM-Systému Slovakia, od 10.8.1994 do 23.8.1994

Abecedne usporiadaný zoznam emitentov-účastinných spoločností s nasledovnými údajmi: aukčná cena, uskutočnené obchody, objem obchodov, 25. kolo, dolná a horná hranica prípustného cenového pásma.

Guardado en:
Detalles Bibliográficos
Formato: Capítulo de libro
Lenguaje:eslovaco
Materias:
Etiquetas: Agregar Etiqueta
Sin Etiquetas, Sea el primero en etiquetar este registro!

MARC

LEADER 00000naa a2200000 4500
001 r016150
005 20221213114411.9
041 0 |a slo 
044 |a SK 
245 1 0 |a Definitívne výsledky 24. kola periodických aukcií RM-Systému Slovakia, od 10.8.1994 do 23.8.1994 
520 |a Abecedne usporiadaný zoznam emitentov-účastinných spoločností s nasledovnými údajmi: aukčná cena, uskutočnené obchody, objem obchodov, 25. kolo, dolná a horná hranica prípustného cenového pásma. 
610 2 0 |a trh kapitálový 
610 2 0 |a Slovensko 
610 2 0 |a RM-Systém Slovakia 
610 2 0 |a aukcie 
610 2 0 |a papiere cenné 
610 2 0 |a obchody mimoburzové 
610 2 0 |a 1994 
610 2 0 |a august 
610 2 0 |a spoločnosti akciové